Máy và thiết bị thi công
Tài liệu giới thiệu những đặc điểm cấu tạo và tính năng kĩ thuật của các loại máy và thiết bị nâng - chuyển từ đơn giản đến hiện đại, trình bày nguyên lý vận hành các cơ cấu, cách sử dụng, bảo dưỡng cũng như những quy tắc an toàn ki...
Na minha lista:
| Autor principal: | |
|---|---|
| Formato: | Livro |
| Idioma: | Undetermined |
| Publicado em: |
Hà Nội
Xây dựng
2012
|
| Assuntos: | |
| Tags: |
Adicionar Tag
Sem tags, seja o primeiro a adicionar uma tag!
|
| Thư viện lưu trữ: | Trung tâm Học liệu Trường Đại học Cần Thơ |
|---|
| LEADER | 01066nam a2200217Ia 4500 | ||
|---|---|---|---|
| 001 | CTU_227118 | ||
| 008 | 210402s9999 xx 000 0 und d | ||
| 020 | |c 132000 | ||
| 082 | |a 621.8028 | ||
| 082 | |b Ch312 | ||
| 100 | |a Phạm, Huy Chính | ||
| 245 | 0 | |a Máy và thiết bị thi công | |
| 245 | 0 | |c Phạm Huy Chính | |
| 260 | |a Hà Nội | ||
| 260 | |b Xây dựng | ||
| 260 | |c 2012 | ||
| 520 | |a Tài liệu giới thiệu những đặc điểm cấu tạo và tính năng kĩ thuật của các loại máy và thiết bị nâng - chuyển từ đơn giản đến hiện đại, trình bày nguyên lý vận hành các cơ cấu, cách sử dụng, bảo dưỡng cũng như những quy tắc an toàn kĩ thuật. | ||
| 650 | |a Machinery construction,Machinery, Automatic,Machinery, Automatic,Máy xây dựng,Máy móc, tự động | ||
| 904 | |i Ngọc Anh, Trọng Hiếu | ||
| 910 | |a Tuyến | ||
| 980 | |a Trung tâm Học liệu Trường Đại học Cần Thơ | ||